000 01346nam a22003017a 4500
001 6874
003 FISKH
005 20250826143309.0
008 250604b cb ||||| |||| 00| 0 eng d
020 _a9781407138817
040 _aFISKH
_beng
_cFISKH
_dFISKH
050 _aPZ7.
082 _a 823.92
100 _aMckay, Hilary
_d(1959-)
245 _aLulu and the caterpillars /
_cHilary Mckay ; Illustrated by Priscilla Lamont
250 _aThis edition first published in 2014
260 _aLondon :
_bScholastic,
_c2014
300 _a41 pages :
_bcolor illustrations ;
_c19 cm
505 _aG
520 _aGet ready to read! LITTLE RED ROBINS are ideal for sharing and reading together. Full colour illustrations throughout. Lulu loves animals. All sorts of animals. Huge ones like elephants. Small ones like ladybirds. Dangly ones, climbing ones, furry ones, even flying ones. When Lulu finds twenty-seven unwanted caterpillars in some nettles, she takes them all home to look after. She's especially excited because she knows that soon the caterpillars will turn into beautiful butterflies.
521 8 _a380
_bLexile
521 8 _aG
_bRaz-Plus
650 _2Junior Fiction
_a Reading together
650 _2Caterpillars
_aLadybirds
700 _aLamont, Priscilla
_dillustrator
942 _2ddc
_cBK
_n0
999 _c6874
_d6874